[Event "ODJM B 2025"]
[Site "Willingen GER"]
[Date "2025.06.11"]
[Round "6"]
[White "Petrow, Andre"]
[Black "Sniegowski, Richard"]
[Result "1/2-1/2"]
[Termination "normal"]
[Board "7"]
[WhiteElo "1831"]
[BlackElo "1887"]
[WhiteClock "00:33:21"]
[BlackClock "00:31:06"]
[PlyCount "46"]
[WhiteFideId "34612815"]
[BlackFideId "34664181"]
[EventCountry "GER"]
[EventRounds "9"]
[EventType "swiss"]
[EventDate "2025.06.07"]

1. e4 {[%clk 01:30:59]} {[%emt 00:00:01]} c6 {[%clk 01:30:56]} {[%emt
00:00:04]} 2. c4 {[%clk 01:31:23]} {[%emt 00:00:06]} d5 {[%clk 01:31:22]}
{[%emt 00:00:04]} 3. cxd5 {[%clk 01:31:48]} {[%emt 00:00:05]} cxd5 {[%clk
01:31:46]} {[%emt 00:00:05]} 4. exd5 {[%clk 01:32:09]} {[%emt 00:00:09]} Nf6
{[%clk 01:32:02]} {[%emt 00:00:14]} 5. Nc3 {[%clk 01:32:34]} {[%emt 00:00:05]}
Nxd5 {[%clk 01:31:57]} {[%emt 00:00:35]} 6. Nf3 {[%clk 01:32:59]} {[%emt
00:00:06]} e6 {[%clk 01:31:17]} {[%emt 00:01:10]} 7. d4 {[%clk 01:32:41]}
{[%emt 00:00:44]} Be7 {[%clk 01:29:16]} {[%emt 00:02:34]} 8. Bd2 {[%clk
01:32:14]} {[%emt 00:00:59]} Bf6 {[%clk 01:26:56]} {[%emt 00:02:49]} 9. a3
{[%clk 01:30:10]} {[%emt 00:02:33]} Nc6 {[%clk 01:24:53]} {[%emt 00:02:34]} 10.
Bb5 {[%clk 01:25:28]} {[%emt 00:05:12]} O-O {[%clk 01:22:33]} {[%emt 00:02:48]}
11. Bxc6 {[%clk 01:24:25]} {[%emt 00:01:34]} bxc6 {[%clk 01:23:02]} {[%emt
00:00:01]} 12. O-O {[%clk 01:24:40]} {[%emt 00:00:15]} Ba6 {[%clk 01:18:15]}
{[%emt 00:05:17]} 13. Re1 {[%clk 01:24:22]} {[%emt 00:00:48]} c5 {[%clk
01:06:52]} {[%emt 00:11:53]} 14. Nxd5 {[%clk 01:06:31]} {[%emt 00:18:22]} Qxd5
{[%clk 01:05:23]} {[%emt 00:01:58]} 15. dxc5 {[%clk 01:03:30]} {[%emt
00:03:32]} Bxb2 {[%clk 01:03:29]} {[%emt 00:02:23]} 16. Rb1 {[%clk 01:03:50]}
{[%emt 00:00:10]} Bf6 {[%clk 01:02:39]} {[%emt 00:01:20]} 17. Bf4 {[%clk
00:47:18]} {[%emt 00:17:02]} Qxd1 {[%clk 00:51:31]} {[%emt 00:11:39]} 18. Rexd1
{[%clk 00:47:19]} {[%emt 00:00:29]} Rfd8 {[%clk 00:50:36]} {[%emt 00:01:24]}
19. Rxd8+ {[%clk 00:36:41]} {[%emt 00:11:08]} Rxd8 {[%clk 00:50:39]} {[%emt
00:00:27]} 20. Rb8 {[%clk 00:36:45]} {[%emt 00:00:25]} Bb7 {[%clk 00:40:32]}
{[%emt 00:10:38]} 21. h3 {[%clk 00:33:48]} {[%emt 00:03:27]} Rxb8 {[%clk
00:34:49]} {[%emt 00:06:13]} 22. Bxb8 {[%clk 00:34:11]} {[%emt 00:00:07]} a6
{[%clk 00:34:55]} {[%emt 00:00:25]} 23. Ne5 {[%clk 00:33:21]} {[%emt 00:01:20]}
Bxe5 {[%clk 00:31:06]} {[%emt 00:04:19]} 1/2-1/2

[Event "ODJM B 2025"]
[Site "Willingen GER"]
[Date "2025.06.11"]
[Round "6"]
[White "Kautny, Fabian"]
[Black "Lieb, Max"]
[Result "1/2-1/2"]
[Termination "normal"]
[Board "8"]
[WhiteElo "1818"]
[BlackElo "1743"]
[WhiteClock "00:38:26"]
[BlackClock "01:01:49"]
[PlyCount "46"]
[WhiteFideId "34657193"]
[BlackFideId "34630651"]
[EventCountry "GER"]
[EventRounds "9"]
[EventType "swiss"]
[EventDate "2025.06.07"]

1. e4 {[%clk 01:30:59]} c5 {[%clk 01:30:55]} {[%emt 00:00:06]} 2. Nf3 {[%clk
01:31:25]} {[%emt 00:00:03]} Nc6 {[%clk 01:31:19]} {[%emt 00:00:06]} 3. b4
{[%clk 01:31:41]} {[%emt 00:00:15]} Nxb4 {[%clk 01:31:27]} {[%emt 00:00:23]} 4.
c3 {[%clk 01:32:06]} {[%emt 00:00:04]} Nc6 {[%clk 01:31:51]} {[%emt 00:00:06]}
5. d4 {[%clk 01:32:34]} {[%emt 00:00:02]} d5 {[%clk 01:32:06]} {[%emt
00:00:15]} 6. e5 {[%clk 01:32:57]} {[%emt 00:00:07]} Bf5 {[%clk 01:29:45]}
{[%emt 00:02:51]} 7. Bd3 {[%clk 01:27:01]} {[%emt 00:06:26]} Bxd3 {[%clk
01:29:15]} {[%emt 00:00:59]} 8. Qxd3 {[%clk 01:27:27]} {[%emt 00:00:05]} e6
{[%clk 01:29:04]} {[%emt 00:00:40]} 9. h4 {[%clk 01:26:12]} {[%emt 00:01:45]}
cxd4 {[%clk 01:24:21]} {[%emt 00:05:14]} 10. cxd4 {[%clk 01:26:37]} {[%emt
00:00:05]} Nb4 {[%clk 01:22:48]} {[%emt 00:02:03]} 11. Qb3 {[%clk 01:26:40]}
{[%emt 00:00:27]} Rc8 {[%clk 01:21:36]} {[%emt 00:01:42]} 12. Nc3 {[%clk
01:26:42]} {[%emt 00:00:28]} Nd3+ {[%clk 01:18:19]} {[%emt 00:03:46]} 13. Ke2
{[%clk 01:26:55]} {[%emt 00:00:18]} Nxc1+ {[%clk 01:18:23]} {[%emt 00:00:25]}
14. Rhxc1 {[%clk 01:26:18]} {[%emt 00:01:07]} Nh6 {[%clk 01:14:12]} {[%emt
00:04:42]} 15. Qa4+ {[%clk 01:05:57]} {[%emt 00:20:51]} Qd7 {[%clk 01:13:45]}
{[%emt 00:00:56]} 16. Nb5 {[%clk 01:06:05]} {[%emt 00:00:23]} Rc6 {[%clk
01:10:35]} {[%emt 00:03:39]} 17. Nxa7 {[%clk 00:56:05]} {[%emt 00:10:30]} Rxc1
{[%clk 01:09:37]} {[%emt 00:01:28]} 18. Qxd7+ {[%clk 00:56:30]} {[%emt
00:00:05]} Kxd7 {[%clk 01:09:55]} {[%emt 00:00:12]} 19. Rxc1 {[%clk 00:56:57]}
{[%emt 00:00:03]} Ba3 {[%clk 01:06:26]} {[%emt 00:03:59]} 20. Rb1 {[%clk
00:55:15]} {[%emt 00:02:13]} Rb8 {[%clk 01:05:49]} {[%emt 00:01:07]} 21. h5
{[%clk 00:45:04]} {[%emt 00:10:41]} Be7 {[%clk 01:04:15]} {[%emt 00:02:03]} 22.
Nh2 {[%clk 00:42:25]} {[%emt 00:03:08]} b6 {[%clk 01:03:45]} {[%emt 00:01:01]}
23. Nb5 {[%clk 00:38:26]} {[%emt 00:04:30]} Ra8 {[%clk 01:01:49]} {[%emt
00:02:26]} 1/2-1/2

[Event "ODJM B 2025"]
[Site "Willingen GER"]
[Date "2025.06.11"]
[Round "6"]
[White "Berger, Friedrich Richard"]
[Black "Ott, Claudius"]
[Result "1-0"]
[Termination "normal"]
[Board "9"]
[WhiteElo "1723"]
[BlackElo "1835"]
[WhiteClock "00:29:36"]
[BlackClock "00:41:30"]
[PlyCount "61"]
[WhiteFideId "34663169"]
[BlackFideId "34621024"]
[EventCountry "GER"]
[EventRounds "9"]
[EventType "swiss"]
[EventDate "2025.06.07"]

1. e4 {[%clk 01:30:58]} {[%emt 00:00:02]} c5 {[%clk 01:30:49]} {[%emt
00:00:11]} 2. d4 {[%clk 01:31:14]} {[%emt 00:00:13]} cxd4 {[%clk 01:31:15]}
{[%emt 00:00:04]} 3. c3 {[%clk 01:31:37]} {[%emt 00:00:07]} dxc3 {[%clk
01:31:42]} {[%emt 00:00:03]} 4. Nxc3 {[%clk 01:32:02]} {[%emt 00:00:06]} Nc6
{[%clk 01:31:56]} {[%emt 00:00:15]} 5. Nf3 {[%clk 01:32:01]} {[%emt 00:00:31]}
e6 {[%clk 01:32:18]} {[%emt 00:00:08]} 6. Bc4 {[%clk 01:32:13]} {[%emt
00:00:19]} Bb4 {[%clk 01:32:40]} {[%emt 00:00:08]} 7. O-O {[%clk 01:32:10]}
{[%emt 00:00:32]} Nge7 {[%clk 01:33:03]} {[%emt 00:00:07]} 8. Qc2 {[%clk
01:28:43]} {[%emt 00:03:58]} O-O {[%clk 01:33:19]} {[%emt 00:00:13]} 9. Bg5
{[%clk 01:27:39]} {[%emt 00:01:34]} h6 {[%clk 01:31:58]} {[%emt 00:01:51]} 10.
Bh4 {[%clk 01:24:16]} {[%emt 00:03:53]} g5 {[%clk 01:31:35]} {[%emt 00:00:53]}
11. Bg3 {[%clk 01:24:18]} {[%emt 00:00:29]} d5 {[%clk 01:31:20]} {[%emt
00:00:45]} 12. Rfd1 {[%clk 01:22:02]} {[%emt 00:02:45]} Qa5 {[%clk 01:28:42]}
{[%emt 00:03:08]} 13. exd5 {[%clk 01:18:55]} {[%emt 00:03:37]} Bxc3 {[%clk
01:29:04]} {[%emt 00:00:08]} 14. dxc6 {[%clk 01:16:10]} {[%emt 00:03:16]} Bg7
{[%clk 01:29:22]} {[%emt 00:00:11]} 15. c7 {[%clk 01:01:05]} {[%emt 00:15:36]}
Nf5 {[%clk 01:25:11]} {[%emt 00:04:41]} 16. Bb3 {[%clk 01:00:04]} {[%emt
00:01:32]} Nxg3 {[%clk 01:23:04]} {[%emt 00:02:35]} 17. hxg3 {[%clk 00:59:57]}
{[%emt 00:00:37]} b5 {[%clk 01:04:21]} {[%emt 00:19:13]} 18. Qc6 {[%clk
00:53:30]} {[%emt 00:06:57]} Ba6 {[%clk 01:00:58]} {[%emt 00:03:54]} 19. Rd6
{[%clk 00:51:25]} {[%emt 00:02:34]} Qb6 {[%clk 01:00:47]} {[%emt 00:00:43]} 20.
Qxb6 {[%clk 00:50:47]} {[%emt 00:01:07]} axb6 {[%clk 01:01:12]} {[%emt
00:00:05]} 21. Rxb6 {[%clk 00:49:22]} {[%emt 00:01:55]} Rfc8 {[%clk 00:57:57]}
{[%emt 00:03:44]} 22. Rc1 {[%clk 00:46:56]} {[%emt 00:02:57]} g4 {[%clk
00:54:41]} {[%emt 00:03:46]} 23. Nh2 {[%clk 00:41:55]} {[%emt 00:05:28]} Bd4
{[%clk 00:54:11]} {[%emt 00:01:02]} 24. Rd6 {[%clk 00:40:18]} {[%emt 00:02:07]}
Bxb2 {[%clk 00:54:10]} {[%emt 00:00:31]} 25. Rc2 {[%clk 00:38:44]} {[%emt
00:02:04]} Be5 {[%clk 00:52:32]} {[%emt 00:02:07]} 26. Rd7 {[%clk 00:34:59]}
{[%emt 00:04:16]} Ra7 {[%clk 00:42:10]} {[%emt 00:10:51]} 27. Nxg4 {[%clk
00:29:51]} {[%emt 00:05:39]} Raxc7 {[%clk 00:41:56]} {[%emt 00:00:44]} 28.
Rcxc7 {[%clk 00:29:56]} {[%emt 00:00:24]} Bxc7 {[%clk 00:42:11]} {[%emt
00:00:15]} 29. Nxh6+ {[%clk 00:29:45]} {[%emt 00:00:41]} Kg7 {[%clk 00:41:11]}
{[%emt 00:01:30]} 30. Nxf7 {[%clk 00:29:36]} {[%emt 00:00:40]} Kf6 {[%clk
00:41:30]} {[%emt 00:00:10]} 31. Nd6 {[%emt 00:03:56]} 1-0

[Event "ODJM B 2025"]
[Site "Willingen GER"]
[Date "2025.06.11"]
[Round "6"]
[White "Rutkowski, Lian"]
[Black "Mai, Mariella"]
[Result "1-0"]
[Termination "normal"]
[Board "10"]
[WhiteElo "1815"]
[BlackElo "1738"]
[WhiteClock "00:08:18"]
[BlackClock "00:30:30"]
[PlyCount "74"]
[WhiteFideId "34650539"]
[BlackFideId "16281780"]
[EventCountry "GER"]
[EventRounds "9"]
[EventType "swiss"]
[EventDate "2025.06.07"]

1. d4 {[%clk 01:30:59]} d5 {[%clk 01:30:41]} {[%emt 00:00:20]} 2. c4 {[%clk
01:31:24]} {[%emt 00:00:05]} e6 {[%clk 01:30:39]} {[%emt 00:00:32]} 3. Nc3
{[%clk 01:31:43]} {[%emt 00:00:11]} Nf6 {[%clk 01:30:34]} {[%emt 00:00:35]} 4.
cxd5 {[%clk 01:32:00]} {[%emt 00:00:13]} exd5 {[%clk 01:30:26]} {[%emt
00:00:37]} 5. Bg5 {[%clk 01:32:24]} {[%emt 00:00:06]} c6 {[%clk 01:29:43]}
{[%emt 00:01:14]} 6. e3 {[%clk 01:32:01]} {[%emt 00:00:53]} Bf5 {[%clk
01:21:20]} {[%emt 00:08:52]} 7. Qf3 {[%clk 01:32:06]} {[%emt 00:00:26]} Bg6
{[%clk 01:13:43]} {[%emt 00:08:07]} 8. Bxf6 {[%clk 01:32:26]} {[%emt 00:00:09]}
gxf6 {[%clk 01:13:10]} {[%emt 00:01:04]} 9. h4 {[%clk 01:30:54]} {[%emt
00:02:02]} h5 {[%clk 01:13:30]} {[%emt 00:00:10]} 10. a3 {[%clk 01:23:35]}
{[%emt 00:07:49]} Nd7 {[%clk 01:11:30]} {[%emt 00:02:30]} 11. Qd1 {[%clk
01:23:47]} {[%emt 00:00:17]} Bd6 {[%clk 01:05:08]} {[%emt 00:06:52]} 12. Bd3
{[%clk 01:23:25]} {[%emt 00:00:52]} Qe7 {[%clk 01:02:21]} {[%emt 00:03:18]} 13.
Nge2 {[%clk 01:21:48]} {[%emt 00:02:07]} Rg8 {[%clk 01:00:21]} {[%emt
00:02:30]} 14. g3 {[%clk 01:22:03]} {[%emt 00:00:14]} O-O-O {[%clk 00:57:05]}
{[%emt 00:03:47]} 15. Qc2 {[%clk 01:17:46]} {[%emt 00:04:46]} Kb8 {[%clk
00:57:25]} {[%emt 00:00:11]} 16. O-O-O {[%clk 01:10:18]} {[%emt 00:07:58]} Nb6
{[%clk 00:52:28]} {[%emt 00:05:26]} 17. Qb3 {[%clk 01:00:35]} {[%emt 00:10:13]}
Rc8 {[%clk 00:49:13]} {[%emt 00:03:45]} 18. Kb1 {[%clk 01:00:38]} {[%emt
00:00:27]} Rce8 {[%clk 00:40:17]} {[%emt 00:09:27]} 19. Ka2 {[%clk 01:00:13]}
{[%emt 00:00:55]} Qd7 {[%clk 00:37:51]} {[%emt 00:02:55]} 20. Nc1 {[%clk
00:46:11]} {[%emt 00:14:31]} Qe6 {[%clk 00:26:56]} {[%emt 00:11:26]} 21. Be2
{[%clk 00:38:12]} {[%emt 00:08:28]} Nc4 {[%clk 00:24:59]} {[%emt 00:02:28]} 22.
Nd3 {[%clk 00:26:45]} {[%emt 00:11:56]} Qe7 {[%clk 00:22:02]} {[%emt 00:03:28]}
23. Nb4 {[%clk 00:21:38]} {[%emt 00:05:38]} Na5 {[%clk 00:18:33]} {[%emt
00:03:58]} 24. Qa4 {[%clk 00:22:01]} {[%emt 00:00:07]} Qd8 {[%clk 00:14:45]}
{[%emt 00:04:19]} 25. Rc1 {[%clk 00:19:20]} {[%emt 00:03:11]} Rh8 {[%clk
00:13:16]} {[%emt 00:01:59]} 26. Nd3 {[%clk 00:16:14]} {[%emt 00:03:35]} Nc4
{[%clk 00:11:54]} {[%emt 00:01:52]} 27. Nc5 {[%clk 00:14:44]} {[%emt 00:02:00]}
Nb6 {[%clk 00:10:01]} {[%emt 00:02:23]} 28. Qb3 {[%clk 00:14:46]} {[%emt
00:00:27]} Qe7 {[%clk 00:06:33]} {[%emt 00:04:00]} 29. N3a4 {[%clk 00:14:03]}
{[%emt 00:01:13]} Bxc5 {[%clk 00:05:28]} {[%emt 00:01:35]} 30. Nxc5 {[%clk
00:13:13]} {[%emt 00:01:20]} Qc7 {[%clk 00:04:36]} {[%emt 00:01:21]} 31. Ba6
{[%clk 00:12:02]} {[%emt 00:01:41]} Bf5 {[%clk 00:03:19]} {[%emt 00:01:47]} 32.
Bxb7 {[%clk 00:12:00]} {[%emt 00:00:33]} Qd6 {[%clk 00:03:05]} {[%emt
00:00:43]} 33. Bxc6 {[%clk 00:11:59]} {[%emt 00:00:31]} Re7 {[%clk 00:01:47]}
{[%emt 00:01:48]} 34. Na4 {[%clk 00:09:14]} {[%emt 00:03:14]} Qd8 {[%clk
00:00:58]} {[%emt 00:01:20]} 35. Nxb6 {[%clk 00:08:28]} {[%emt 00:01:17]} axb6
{[%clk 00:00:47]} {[%emt 00:00:40]} 36. Bxd5 {[%clk 00:07:57]} {[%emt
00:01:01]} Rd7 {[%clk 00:00:39]} {[%emt 00:00:38]} 37. Bc4 {[%clk 00:08:18]}
{[%emt 00:00:09]} Be4 {[%clk 00:30:30]} {[%emt 00:00:40]} 1-0

[Event "ODJM B 2025"]
[Site "Willingen GER"]
[Date "2025.06.11"]
[Round "6"]
[White "Feichtner, David"]
[Black "Geschke, David"]
[Result "1/2-1/2"]
[Termination "normal"]
[Board "11"]
[WhiteElo "1776"]
[BlackElo "1824"]
[WhiteClock "00:39:54"]
[BlackClock "00:42:01"]
[PlyCount "45"]
[WhiteFideId "533013381"]
[BlackFideId "34619658"]
[EventCountry "GER"]
[EventRounds "9"]
[EventType "swiss"]
[EventDate "2025.06.07"]

1. e4 {[%clk 01:30:49]} {[%emt 00:00:10]} e5 {[%clk 01:30:55]} {[%emt
00:00:05]} 2. Nf3 {[%clk 01:31:16]} {[%emt 00:00:03]} Nc6 {[%clk 01:31:13]}
{[%emt 00:00:12]} 3. Bb5 {[%clk 01:31:42]} {[%emt 00:00:05]} Nf6 {[%clk
01:31:26]} {[%emt 00:00:16]} 4. O-O {[%clk 01:32:04]} {[%emt 00:00:08]} Bc5
{[%clk 01:30:37]} {[%emt 00:01:19]} 5. c3 {[%clk 01:29:21]} {[%emt 00:03:13]}
O-O {[%clk 01:26:42]} {[%emt 00:04:24]} 6. d4 {[%clk 01:29:13]} {[%emt
00:00:39]} exd4 {[%clk 01:24:27]} {[%emt 00:02:46]} 7. cxd4 {[%clk 01:28:23]}
{[%emt 00:01:18]} Bb6 {[%clk 01:21:29]} {[%emt 00:03:29]} 8. e5 {[%clk
01:25:52]} {[%emt 00:03:00]} Nd5 {[%clk 01:19:34]} {[%emt 00:02:25]} 9. Bc4
{[%clk 01:25:31]} {[%emt 00:00:52]} Nce7 {[%clk 01:16:50]} {[%emt 00:03:13]}
10. Bg5 {[%clk 01:22:57]} {[%emt 00:03:05]} Qe8 {[%clk 01:11:33]} {[%emt
00:05:46]} 11. Qd3 {[%clk 01:17:24]} {[%emt 00:06:03]} h6 {[%clk 01:05:42]}
{[%emt 00:06:22]} 12. Bxe7 {[%clk 01:15:20]} {[%emt 00:02:35]} Nxe7 {[%clk
01:06:02]} {[%emt 00:00:10]} 13. Nc3 {[%clk 01:15:27]} {[%emt 00:00:22]} Qd8
{[%clk 01:00:00]} {[%emt 00:06:32]} 14. Rfe1 {[%clk 01:10:41]} {[%emt
00:05:16]} d5 {[%clk 00:59:44]} {[%emt 00:00:46]} 15. exd6 {[%clk 01:10:49]}
{[%emt 00:00:23]} Qxd6 {[%clk 00:59:58]} {[%emt 00:00:15]} 16. Ne4 {[%clk
01:06:51]} {[%emt 00:04:28]} Qg6 {[%emt 00:05:21]} 17. Ne5 {[%clk 01:04:17]}
{[%emt 00:01:20]} Qh5 {[%clk 00:52:18]} {[%emt 00:05:00]} 18. Qg3 {[%clk
00:51:08]} {[%emt 00:13:40]} Kh8 {[%clk 00:46:22]} {[%emt 00:06:29]} 19. Be2
{[%clk 00:48:12]} {[%emt 00:03:23]} Qf5 {[%clk 00:44:23]} {[%emt 00:02:30]} 20.
Bg4 {[%clk 00:48:32]} {[%emt 00:00:10]} Qh7 {[%clk 00:44:16]} {[%emt 00:00:37]}
21. Bxc8 {[%clk 00:42:06]} {[%emt 00:06:58]} Nxc8 {[%clk 00:42:57]} {[%emt
00:01:48]} 22. Nd7 {[%clk 00:40:36]} {[%emt 00:01:59]} Rd8 {[%clk 00:42:01]}
{[%emt 00:01:27]} 23. Ne5 {[%clk 00:39:54]} {[%emt 00:01:11]} 1/2-1/2

[Event "ODJM B 2025"]
[Site "Willingen GER"]
[Date "2025.06.11"]
[Round "6"]
[White "Schächtelin, Jakob"]
[Black "Gretzinger, Maximilian"]
[Result "1-0"]
[Termination "normal"]
[Board "12"]
[WhiteElo "1811"]
[BlackElo "1710"]
[WhiteClock "00:32:25"]
[BlackClock "00:08:09"]
[PlyCount "101"]
[WhiteFideId "34620834"]
[BlackFideId "34694960"]
[EventCountry "GER"]
[EventRounds "9"]
[EventType "swiss"]
[EventDate "2025.06.07"]

1. e4 {[%clk 01:30:58]} {[%emt 00:00:02]} c6 {[%clk 01:30:53]} {[%emt
00:00:07]} 2. d4 {[%clk 01:31:25]} {[%emt 00:00:03]} d5 {[%clk 01:31:16]}
{[%emt 00:00:07]} 3. Nd2 {[%clk 01:31:51]} {[%emt 00:00:03]} dxe4 {[%clk
01:30:48]} {[%emt 00:00:59]} 4. Nxe4 {[%clk 01:32:16]} {[%emt 00:00:05]} Nf6
{[%clk 01:29:15]} {[%emt 00:02:03]} 5. Nxf6+ {[%clk 01:32:42]} {[%emt
00:00:04]} exf6 {[%clk 01:29:29]} {[%emt 00:00:16]} 6. c3 {[%clk 01:33:08]}
{[%emt 00:00:04]} Bd6 {[%clk 01:29:26]} {[%emt 00:00:32]} 7. Bd3 {[%clk
01:33:33]} {[%emt 00:00:05]} Be6 {[%clk 01:26:35]} {[%emt 00:03:21]} 8. Ne2
{[%clk 01:32:13]} {[%emt 00:01:50]} Nd7 {[%clk 01:25:27]} {[%emt 00:01:38]} 9.
Bf4 {[%clk 01:30:47]} {[%emt 00:01:55]} Qc7 {[%clk 01:25:07]} {[%emt 00:00:52]}
10. Bxd6 {[%clk 01:30:29]} {[%emt 00:00:48]} Qxd6 {[%clk 01:24:03]} {[%emt
00:01:34]} 11. O-O {[%clk 01:29:36]} {[%emt 00:01:21]} O-O {[%clk 01:23:42]}
{[%emt 00:00:53]} 12. c4 {[%clk 01:22:16]} {[%emt 00:07:49]} Rfe8 {[%clk
01:17:52]} {[%emt 00:06:20]} 13. Nc3 {[%clk 01:14:40]} {[%emt 00:08:06]} f5
{[%clk 01:08:18]} {[%emt 00:10:04]} 14. Be2 {[%clk 01:08:27]} {[%emt 00:06:43]}
Nf6 {[%clk 01:07:50]} {[%emt 00:00:59]} 15. Qd2 {[%clk 01:07:27]} {[%emt
00:01:30]} Rad8 {[%clk 01:05:57]} {[%emt 00:02:23]} 16. Rad1 {[%clk 01:05:45]}
{[%emt 00:02:11]} Re7 {[%clk 01:04:30]} {[%emt 00:01:58]} 17. b3 {[%clk
01:00:44]} {[%emt 00:05:31]} Red7 {[%clk 00:54:18]} {[%emt 00:10:42]} 18. Qc2
{[%clk 00:52:02]} {[%emt 00:09:12]} Qc7 {[%clk 00:41:58]} {[%emt 00:12:49]} 19.
Bd3 {[%clk 00:48:11]} {[%emt 00:04:21]} g6 {[%clk 00:41:21]} {[%emt 00:01:08]}
20. Ne2 {[%clk 00:48:01]} {[%emt 00:00:39]} Nh5 {[%clk 00:37:51]} {[%emt
00:04:00]} 21. Qc1 {[%clk 00:45:44]} {[%emt 00:02:47]} Kg7 {[%clk 00:37:25]}
{[%emt 00:00:56]} 22. Bb1 {[%clk 00:43:14]} {[%emt 00:03:00]} h6 {[%clk
00:31:34]} {[%emt 00:06:21]} 23. Qc3 {[%clk 00:39:43]} {[%emt 00:04:01]} Nf6
{[%clk 00:31:01]} {[%emt 00:01:04]} 24. f3 {[%clk 00:38:19]} {[%emt 00:01:53]}
f4 {[%clk 00:29:22]} {[%emt 00:02:09]} 25. Rd2 {[%clk 00:36:39]} {[%emt
00:02:11]} h5 {[%clk 00:28:45]} {[%emt 00:01:07]} 26. Rfd1 {[%clk 00:34:38]}
{[%emt 00:02:30]} h4 {[%clk 00:26:01]} {[%emt 00:03:15]} 27. h3 {[%clk
00:33:46]} {[%emt 00:01:22]} Re7 {[%clk 00:23:36]} {[%emt 00:02:55]} 28. Qb2
{[%clk 00:30:42]} {[%emt 00:03:28]} Rde8 {[%clk 00:21:49]} {[%emt 00:02:23]}
29. Nc3 {[%clk 00:26:26]} {[%emt 00:04:44]} Qc8 {[%clk 00:19:37]} {[%emt
00:02:44]} 30. Kh2 {[%clk 00:22:58]} {[%emt 00:03:58]} Rc7 {[%clk 00:04:52]}
{[%emt 00:15:15]} 31. Ne4 {[%clk 00:16:36]} {[%emt 00:06:50]} Nxe4 {[%clk
00:04:46]} {[%emt 00:00:37]} 32. Bxe4 {[%clk 00:16:43]} {[%emt 00:00:23]} Kh7
{[%clk 00:04:39]} {[%emt 00:00:38]} 33. d5 {[%clk 00:16:04]} {[%emt 00:01:08]}
cxd5 {[%clk 00:03:58]} {[%emt 00:01:12]} 34. cxd5 {[%clk 00:16:27]} {[%emt
00:00:07]} Bd7 {[%clk 00:02:28]} {[%emt 00:02:00]} 35. Qf6 {[%clk 00:15:20]}
{[%emt 00:01:36]} Kg8 {[%clk 00:02:20]} {[%emt 00:00:38]} 36. Qxf4 {[%clk
00:12:03]} {[%emt 00:03:47]} Kg7 {[%clk 00:01:54]} {[%emt 00:00:57]} 37. d6
{[%clk 00:11:05]} {[%emt 00:01:28]} Rc5 {[%clk 00:01:59]} {[%emt 00:00:24]} 38.
Bd5 {[%clk 00:10:32]} {[%emt 00:01:03]} Bf5 {[%clk 00:01:18]} {[%emt 00:01:10]}
39. Qd4+ {[%clk 00:10:28]} {[%emt 00:00:35]} f6 {[%clk 00:01:23]} {[%emt
00:00:26]} 40. Bxb7 {[%clk 00:09:28]} {[%emt 00:01:30]} Qxb7 {[%clk 00:00:41]}
{[%emt 00:01:12]} 41. Qxc5 {[%clk 00:09:26]} {[%emt 00:00:32]} Rc8 {[%clk
00:27:02]} {[%emt 00:04:08]} 42. Qe3 {[%clk 00:38:33]} {[%emt 00:01:22]} Rd8
{[%clk 00:25:06]} {[%emt 00:02:26]} 43. Re1 {[%clk 00:36:21]} {[%emt 00:02:42]}
Rd7 {[%clk 00:24:57]} {[%emt 00:00:41]} 44. Qe8 {[%clk 00:35:52]} {[%emt
00:00:58]} Qb4 {[%clk 00:23:11]} {[%emt 00:02:17]} 45. Re7+ {[%clk 00:35:37]}
{[%emt 00:00:43]} Rxe7 {[%clk 00:11:49]} {[%emt 00:11:53]} 46. Qxe7+ {[%clk
00:32:23]} {[%emt 00:03:45]} Kg8 {[%clk 00:10:46]} {[%emt 00:01:32]} 47. Qd8+
{[%clk 00:31:40]} {[%emt 00:01:13]} Kh7 {[%clk 00:09:12]} {[%emt 00:02:05]} 48.
Qc7+ {[%clk 00:32:00]} {[%emt 00:00:09]} Kh6 {[%clk 00:09:13]} {[%emt
00:00:30]} 49. d7 {[%clk 00:31:42]} {[%emt 00:00:48]} Qxd2 {[%clk 00:08:45]}
{[%emt 00:00:57]} 50. d8=Q {[%clk 00:32:04]} {[%emt 00:00:07]} Qxa2 {[%clk
00:08:09]} {[%emt 00:01:07]} 51. Qh8+ {[%clk 00:32:25]} {[%emt 00:00:08]} 1-0